|
|
|
|
| LEADER |
01790nam a2200481 a 4500 |
| 001 |
nkc20071705157 |
| 003 |
CZ PrNK |
| 005 |
20180606151500.0 |
| 007 |
ta |
| 008 |
070116s2006 xr abchg e 000 0dslo |
| 015 |
|
|
|a cnb001705157
|
| 020 |
|
|
|a 80-7360-578-3
|q (váz.)
|
| 035 |
|
|
|a (OCoLC)186967655
|
| 040 |
|
|
|a BOA001
|b cze
|
| 043 |
|
|
|a e-xo---
|
| 044 |
|
|
|a xr
|a xo
|
| 072 |
|
7 |
|a 908(437)
|x Vlastivěda Česka a Slovenska
|2 Konspekt
|9 8
|
| 080 |
|
|
|a 930.85
|2 MRF
|
| 080 |
|
|
|a 929
|2 MRF
|
| 080 |
|
|
|a 94(437.6)
|2 MRF
|
| 080 |
|
|
|a 908(437.6)
|2 MRF
|
| 080 |
|
|
|a (031)
|2 MRF
|
| 245 |
0 |
0 |
|a Slovensko A-Ž :
|b Ottova encyklopédia /
|c [autori hesiel Zita Baďuríková ... et al. ; autori fotografií Juraj Bartoš ... et al.]
|
| 246 |
3 |
0 |
|a Ottova encyklopédia Slovensko A-Ž
|
| 260 |
|
|
|a Praha :
|b Ottovo nakladatelství ;
|a Bratislava :
|b Ottovo nakladateľstvo,
|c 2006
|
| 300 |
|
|
|a 1053 s. :
|b il. (převážně barev.), mapy, portréty, faksim. ;
|c 31 cm
|
| 650 |
0 |
7 |
|a kulturní dějiny
|7 ph122020
|z Slovensko
|2 czenas
|
| 650 |
0 |
7 |
|a osobnosti
|7 ph115615
|z Slovensko
|2 czenas
|
| 650 |
0 |
9 |
|a cultural history
|z Slovakia
|2 eczenas
|
| 650 |
0 |
9 |
|a celebrities
|z Slovakia
|2 eczenas
|
| 651 |
|
7 |
|a Slovensko
|7 ge128580
|x dějiny
|2 czenas
|
| 651 |
|
7 |
|a Slovensko
|7 ge128580
|x vlastivěda
|2 czenas
|
| 651 |
|
9 |
|a Slovakia
|x history
|2 eczenas
|
| 651 |
|
9 |
|a Slovakia
|x history and geography
|2 eczenas
|
| 655 |
|
7 |
|a encyklopedie
|7 fd132201
|2 czenas
|
| 655 |
|
9 |
|a encyclopedias
|2 eczenas
|
| 700 |
1 |
|
|a Baďuríková, Zita,
|d 1946-
|7 ola2003188668
|4 aut
|
| 700 |
1 |
|
|a Bartoš, Juraj,
|d 1944-
|7 ola2002146882
|4 pht
|
| 910 |
2 |
|
|a BOA001
|b 4-1180.040
|
| 990 |
|
|
|a BK
|
| 995 |
|
|
|a 01
|
| 991 |
|
|
|b 200701
|c NOV
|
| 996 |
6 |
|
|b 2610298884
|c 4-1180.040
|l MZK
|r HSS 4p
|n 0
|p p.v.
|h 03 OTT
|w 000837947
|u 000010
|a 0
|e BOA001
|j MZK50
|s P
|